Ópusztaszer legenda és valóság : vita a telepítésről /

Elmentve itt :
Bibliográfiai részletek
Szerzők: Halász Miklós
Trogmayer Ottó
Dokumentumtípus: Cikk
Megjelent: 1986-08-20
Sorozat:Délmagyarország 76 No. 196
Kulcsszavak:Trogmayer Ottó 1934-, Ópusztaszer, Nemzeti Történeti Emlékpark (Ópusztaszer)
Online Access:http://dmarchiv.bibl.u-szeged.hu/87995
LEADER 00590nab a2200169 i 4500
001 delm87995
005 20190912133741.0
008 190912s1986 hu o 0|| hun d
040 |a SZTE Délmagyarország Archívum  |b hun 
041 |a hun 
100 1 |a Halász Miklós 
245 1 0 |a Ópusztaszer   |h [elektronikus dokumentum] :  |b legenda és valóság : vita a telepítésről /  |c  Halász Miklós 
260 |c 1986-08-20 
300 |a 5 
490 0 |a Délmagyarország  |v 76 No. 196 
695 |a Trogmayer Ottó 1934-, Ópusztaszer, Nemzeti Történeti Emlékpark (Ópusztaszer) 
700 0 1 |a Trogmayer Ottó  |e aut